Oklahoma, 2009-2010 official state map.

Bibliographic Details
Corporate Author: Oklahoma. Department of Transportation
Format: Map
Language:English
Published: Oklahoma City, Okla. : Oklahoma Dept. of Transportation, [2009]
Subjects:

MARC

Tag First Indicator Second Indicator Subfields
LEADER 00000cem a2200000Ia 4500
001 in00002467110
005 20151110132708.0
007 aj canzn
008 090616s2009 okudg a s 1 eng d
034 1 |a a  |b 1013760 
035 |a (OCoLC)ocn401338938 
035 |a (OCoLC)401338938 
040 |a TXA  |c TXA  |d UtOrBLW 
049 |a TXAM 
050 0 0 |a G4021.P2 2009  |b .O4 
052 |a 4021 
110 1 |a Oklahoma.  |b Department of Transportation. 
245 1 0 |a Oklahoma, 2009-2010 official state map. 
246 1 |i Title within margin:  |a Oklahoma Department of Transportation, 2009-2010 official state map 
255 |a Scale [ca. 1:1,013,760] 1 in. equals approx. 16 miles. 
264 1 |a Oklahoma City, Okla. :  |b Oklahoma Dept. of Transportation,  |c [2009] 
300 |a 1 map :  |b color ;  |c 40 x 86 cm., sheet 46 x 86 cm., folded to 23 x 10 cm. 
336 |a cartographic image  |b cri  |2 rdacontent 
337 |a unmediated  |b n  |2 rdamedia 
338 |a sheet  |b nb  |2 rdacarrier 
500 |a Relief shown by hachures and spot heights. 
500 |a Title from panel. 
500 |a Includes index, text, and mileage chart. 
500 |a Text, directory, 8 local route maps, map showing the "Pikepass", state parks facilities guide, and col. ill. on verso. 
500 |a Cartographic material. 
650 0 |a Roads  |z Oklahoma  |v Maps. 
650 0 |a Cities and towns  |z Oklahoma  |v Maps. 
948 |a cataloged  |b h  |c 2009/6/16  |d c  |e jgreene  |f 12:47:48 pm 
994 |a C0  |b TXA 
999 |a MARS 
999 f f |s a2ffd3b8-98a2-3d10-b0e8-1e09a7ce6ec7  |i 3467bbe5-8527-3eff-93fb-675a0c2ed5e5  |t 0 
952 f f |p normal  |a Texas A&M University  |b College Station  |c Sterling C. Evans Library  |d Evans: Maps (2nd floor)  |t 0  |e G4021.P2 2009 .O4  |h Library of Congress classification  |i unmediated -- sheet  |m A14834346778 
998 f f |a G4021.P2 2009 .O4  |t 0  |l Evans: Maps (2nd floor)